Hiragana et Katakana - Ordre aléatoire - Statistiques

Statistiques générales
  • Ce quiz a été pris 145 fois
  • Le résultat moyen est 35 sur 40
Statistiques - réponses
Kana Romanji % Correct
fu
100%
he
100%
he
100%
i
100%
ka
100%
ko
100%
ku
100%
mi
100%
ni
100%
re
100%
ru
100%
se
100%
yu
100%
e
96%
no
96%
o
96%
ta
96%
ha
95%
ka
95%
ma
95%
n
95%
shi
95%
te
95%
yo
95%
a
94%
ha
94%
su
94%
to
94%
to
94%
u
94%
a
93%
tsu
93%
ho
92%
ki
92%
ma
92%
ro
92%
ne
91%
wa
91%
chi
90%
n
90%
o
90%
ra
90%
ra
90%
ri
90%
so
90%
e
89%
ke
89%
na
89%
nu
89%
i
88%
ki
88%
su
88%
yu
88%
hi
87%
ri
87%
se
87%
ya
86%
ya
86%
yo
86%
me
85%
me
85%
sa
85%
ke
84%
sa
84%
tsu
84%
ni
83%
re
83%
chi
82%
ko
82%
mo
82%
so
82%
mu
81%
no
80%
shi
80%
ku
79%
mi
79%
mo
79%
ro
79%
ru
79%
u
79%
mu
78%
wo
78%
te
77%
wo
77%
ta
74%
fu
70%
hi
70%
na
70%
nu
70%
ho
67%
ne
67%
wa
67%
Aucun quiz correspondant
Distribution des résultats
% des personnes avec chaque résultat
Percentile par nombre de réponses
Votre historique - résultats
Vous n’avez pas pris ce quiz